00000000nam##2200000za#4500
0019.661455
003CaOODSP
00520210615120115
007ta
008150407|1999||||xxc|||||     f|0| 0 eng|d
020 |a0-662-64616-9
040 |aCaOODSP|beng
041 |aeng
041 |afre
043 |an-cn---
0861 |aH49-125/1999
1101 |aCanada.|bHealth Canada. |bHealth Protection Branch.
24510|aWomen's health surveillance: a plan of action for Health Canada : |ba report of the Advisory Committee on Women's Health Surveillance
260 |aOttawa - Ontario : |bHealth Canada. |c1999.
300 |aEnglish text, 102p. ; |c28 cm.
546 |aBilingual
563 |aSoftcover
590 |a00-26|b2000-06-30
69007|aWomen|2gcpds
69007|aHealth|2gcpds
69007|aHealth promotion|2gcpds
7201 |aBégin, Monique
7760#|tLa surveillance de la santé des femmes : |w(CaOODSP)9.639556
7760#|tWomen's health surveillance : |w(CaOODSP)9.695418
792 |tLa surveillance de la santé des femmes: un plan d'action pour Santé Canada : |efre|w(CaOODSP)9.661456